|
|
|
|
| LEADER |
01284nam a2200361 4500 |
| 001 |
000005644 |
| 003 |
1790 |
| 005 |
20120510100528.0 |
| 008 |
110818s2001 viesd |
| 020 |
|
|
|c 15500đ
|
| 041 |
0 |
|
|a vie
|
| 082 |
|
|
|a 895.9228
|b PH-H
|
| 100 |
0 |
|
|a Phạm Đình Hổ
|
| 245 |
|
0 |
|a Tang thương Ngẫu Lục
|c Phạm Đình Hổ, Nguyễn án ; Ngô Văn Triện dịch và chú thích, Trần Nghĩa giới thiệu
|
| 260 |
|
|
|a H.
|b Văn học
|c 2001
|
| 300 |
|
|
|a 207 tr
|c 19 cm
|
| 490 |
|
|
|a Tủ sách Văn học cổ - trung đại Việt Nam
|
| 653 |
|
|
|a Văn học cận đại
|
| 653 |
|
|
|a Việt Nam
|
| 653 |
|
|
|a Truyện lịch sử
|
| 700 |
|
|
|a Nguyễn án
|e Biên soạn
|
| 700 |
|
|
|a Ngô Văn Triện
|e Dịch và chú thích
|
| 910 |
|
|
|a Nguyễn Thị Kim Oanh
|d 18/08/2011
|
| OWN |
|
|
|a LSP
|
| AVA |
|
|
|a UDN50
|b LSP
|d 895.9228 PH-H
|e available
|t Error 5001 Not defined in file expand_doc_bib_avail.
|f 4
|g 1
|h N
|i 0
|k 1
|
| 999 |
|
|
|a From the UDN01
|
| AVA |
|
|
|a UDN50
|b LSP
|d 895.9228 PH-H
|e available
|t Error 5001 Not defined in file expand_doc_bib_avail.
|f 4
|g 1
|h N
|i 0
|k 1
|
| TYP |
|
|
|a Monograph
|
| TYP |
|
|
|a Printed language
|
| 980 |
|
|
|a Mạng thư viện Đại học Đà Nẵng
|